=LDR 00000nam 2200000 4500 =001 INLIS000000000040742 =005 20240610104334 =035 ##$$a 0010-061300000040742 =008 240610################g##########0#ind## =041 ##$$a ind =082 ##$$a 813 =090 ##$$a 813 , Cau ,s =100 ##$$a CAVENEY, Philp =245 1#$$a Sebastian darke , Prince of tools /$c Philip Caverney =260 ##$$a Bandung :$b PT. Mizan Pustaka,$c 2009 =300 ##$$a 355 hlm ; $c 21 cm =650 #4$$a FIKSI =850 ##$$a NBPNMAT =020 ##$$a 978-979-433-562-8 =084 ##$$a 813 CAV s =250 ##$$a Cet. 1 =990 ##$$a 0001/BPAP-NTB/20142015 =990 ##$$a 21111821